Online Catalogue and eLibrary

Affirmation and Denial: (Record no. 1168)

MARC details
000 -LEADER
fixed length control field 00552nam a2200205Ia 4500
005 - DATE AND TIME OF LATEST TRANSACTION
control field 20250319034025.0
008 - FIXED-LENGTH DATA ELEMENTS--GENERAL INFORMATION
fixed length control field 240331s9999 xx 000 0 und d
020 ## - INTERNATIONAL STANDARD BOOK NUMBER
ISBN 8170361860
082 ## - DDC Classification
Class No. 302.234
Item Number - Author Mark KRI
DDC Edition Number 3440
100 ## - MAIN ENTRY--PERSONAL NAME
Personal name Krishnan, P
100 ## - MAIN ENTRY--PERSONAL NAME
Personal name Dighe, A
245 #0 - TITLE STATEMENT
Title Affirmation and Denial:
Remainder of title Construction of Femininity on Indian Television
260 ## - PUBLICATION, DISTRIBUTION, ETC.
Place of publication, distribution, etc. New Delhi;
-- California;
-- London,
Name of publisher, distributor, etc. SAGE Publications
Date of publication, distribution, etc. 1990
300 ## - PHYSICAL DESCRIPTION
Extent (e.g. Volumes, Pages etc.) 128 p.,
650 ## - SUBJECT ADDED ENTRY--TOPICAL TERM
Topical term or geographic name entry element Feminsim
650 ## - SUBJECT ADDED ENTRY--TOPICAL TERM
Topical term or geographic name entry element Women
650 ## - SUBJECT ADDED ENTRY--TOPICAL TERM
Topical term or geographic name entry element Cinema
650 ## - SUBJECT ADDED ENTRY--TOPICAL TERM
Topical term or geographic name entry element Television
942 ## - Koha item type (Biblio)
Koha item type Books in Stacks (Lending)
Holdings
Lost status Damaged status Collection code Home library Current library Shelving location Date acquired Full call number Accession Number Item type
    Lending WERC Library WERC Library Social Science Cupboard 03/31/2024 302.234 KRI 3440 Books in Stacks (Lending)

© WERC Library